The Effect of Organizational Intangible Assets on Domestic Value Added: The Case of Slovak Manufacturing Sector

Nehmotné aktíva určujú, čo robí firmu konkurencieschopnou. To isté platí pre konkurencieschopnosť krajín. Výrobný proces si vyžaduje tradičné faktory (práca a kapitál), technologický pokrok a inovácie spojené s nehmotným majetkom. Príspevok analyzuje vzťah medzi akumuláciou nehmotného majetku a rast...

Descrizione completa

Salvato in:
Dettagli Bibliografici
Autore principale: Pekarčík, Marek
Altri autori: Ďurčová, Júlia
Natura: Capitolo di libro
Lingua:inglese
Soggetti:
Tags: Aggiungi Tag
Nessun Tag, puoi essere il primo ad aggiungerne!!

MARC

LEADER 00000naa a2200000 4500
001 0291071
005 20240417075226.4
041 0 |a eng 
044 |a SK 
245 1 0 |a The Effect of Organizational Intangible Assets on Domestic Value Added: The Case of Slovak Manufacturing Sector  |c Marek Pekarčík, Júlia Ďurčová 
520 |a Nehmotné aktíva určujú, čo robí firmu konkurencieschopnou. To isté platí pre konkurencieschopnosť krajín. Výrobný proces si vyžaduje tradičné faktory (práca a kapitál), technologický pokrok a inovácie spojené s nehmotným majetkom. Príspevok analyzuje vzťah medzi akumuláciou nehmotného majetku a rastom a produktivitou podielu domácej pridanej hodnoty na hrubom exporte v slovenských výrobných sektoroch. Analýza je zameraná najmä na organizačný nehmotný majetok a rozlišuje dva druhy organizačného nehmotného majetku – nakupovaný a organizačný majetok účtovaný vo vlastnej réžii. 
610 2 0 |a majetok nehmotný 
610 2 0 |a hodnota pridaná 
610 2 0 |a produktivita 
610 2 0 |a výroba 
610 2 0 |a Slovensko 
100 1 |a Pekarčík, Marek 
700 1 |a Ďurčová, Júlia